WILL (Record no. 9368)

MARC details
000 -LEADER
fixed length control field 00340nam a22001457a 4500
008 - FIXED-LENGTH DATA ELEMENTS--GENERAL INFORMATION
fixed length control field 230228b |||||||| |||| 00| 0 eng d
020 ## - INTERNATIONAL STANDARD BOOK NUMBER
International Standard Book Number 978-1-529-12416-3
082 ## - DEWEY DECIMAL CLASSIFICATION NUMBER
Classification number 791.43
100 ## - MAIN ENTRY--PERSONAL NAME
Personal name Will Smith
245 ## - TITLE STATEMENT
Title WILL
260 ## - PUBLICATION, DISTRIBUTION, ETC.
Name of publisher, distributor, etc. Century,
Date of publication, distribution, etc. 2021
300 ## - PHYSICAL DESCRIPTION
Extent 418 p.
Dimensions 23.5 cm
942 ## - Added entry Elements (Koha)
Source of classification or shelving scheme Dewey Decimal Classification
Holdings
Withdrawn status Lost status Source of classification or shelving scheme Damaged status Not for loan Collection code Home library Current library Shelving location Date acquired Serial Enumeration / chronology Total Checkouts Total Renewals Full call number Barcode Date last seen Date last checked out Price effective from Koha item type
    Dewey Decimal Classification     Main TEST RTC Library RTC Library Main opac 28/02/2023 177092 1 2 791.43 SMI 30018159 01/05/2023 28/03/2023 28/02/2023 Main
Royal Thimphu College || All Right Reserved